CS:GO Teams - Statistiken

Allgemein
  • Dieses Quiz wurde 52 mal gespielt
  • Das Durchschnittsergebnis liegt bei 10 aus 16
Antwortstatistiken
Bildquiz Antwort % Korrekt
3DMAX
86%
Team SoloMid
86%
100 Thieves
82%
iBUYPOWER
80%
Sprout
75%
HellRaisers
73%
mousesports
73%
Renegades
73%
DAT
64%
Outsiders
61%
North
57%
Misfits Gaming
55%
Space Soldiers
50%
Counter Logic Gaming
48%
Immortals
41%
London Conspiracy
20%
Keine übereinstimmenden Quizze gefunden
Verteilung der Resultate
Anzahl Personen mit jedem Resultat
Perzentil nach korrekt beantworteten Fragen
Ihre Resultats-Entwicklung
Sie haben dieses Quiz noch nicht gespielt